UBT Library

Man, myth, and sensual pleasures : (Record no. 43332)

000 -LEADER
fixed length control field 01014cam a2200253 a 4500
001 - CONTROL NUMBER
control field 16323993
005 - DATE AND TIME OF LATEST TRANSACTION
control field 20180223095526.0
008 - FIXED-LENGTH DATA ELEMENTS--GENERAL INFORMATION
fixed length control field 100709s2010 nyua bc 001 0 eng
010 ## - LIBRARY OF CONGRESS CONTROL NUMBER
LC control number 2010028976
020 ## - INTERNATIONAL STANDARD BOOK NUMBER
International Standard Book Number 9781588393982 (the Metropolitan Museum of Art (hc)
020 ## - INTERNATIONAL STANDARD BOOK NUMBER
International Standard Book Number 9780300166576 (Yale University Press (hc)
040 ## - CATALOGING SOURCE
Original cataloging agency DLC
Transcribing agency DLC
Modifying agency DLC
041 ## - LANGUAGE CODE
Language code of text/sound track or separate title eng
080 ## - UNIVERSAL DECIMAL CLASSIFICATION NUMBER
Universal Decimal Classification number 759.9493 wym
082 00 - DEWEY DECIMAL CLASSIFICATION NUMBER
Classification number 759.9493 wym
Edition number 22
100 1# - Rafti
Rafti 42
101 ## - Shkurtesa
Shkurtesa art
245 10 - TITLE STATEMENT
Title Man, myth, and sensual pleasures :
Statement of responsibility, etc Maryan W. Ainsworth, Stijn Alsteens, and Nadine M. Orenstein ; edited by Maryan W. Ainsworth ; with contributions by Lorne Campbell ... [et al.].
246 30 - VARYING FORM OF TITLE
Title proper/short title Jan Gossart's Renaissance
504 ## - BIBLIOGRAPHY, ETC. NOTE
Bibliography, etc Includes bibliographical references (p. 437-473) and index.
906 ## - LOCAL DATA ELEMENT F, LDF (RLIN)
a 7
b cbc
c orignew
d 1
e ecip
f 20
g y-gencatlg
942 ## - ADDED ENTRY ELEMENTS (KOHA)
Source of classification or shelving scheme
Item type Books
Holdings
Withdrawn status Lost status Source of classification or shelving scheme Damaged status Not for loan Collection code Permanent location Current location Shelving location Date acquired Total Checkouts Full call number Barcode Date last seen Price effective from Koha item type
          Koleksioni i përgjithshem UBT - Lipjan UBT - Lipjan Koleksioni i përgjithshem 02/23/2018   759.9493 wym 002-2999656 02/23/2018 02/23/2018 Books
UBT Library © 2015-2024. All rights reserved University Education for Business and Technology